| 000 | 00682nam a22002417a 4500 | ||
|---|---|---|---|
| 001 | 59112 | ||
| 003 | BD-RjUL | ||
| 005 | 20211209080708.0 | ||
| 008 | 161221s1975 nyua|||| |||| 001 0 eng d | ||
| 020 | _a0070449058 | ||
| 035 | _a(BD-RjUL)59236 | ||
| 040 |
_aBD-RjUL _beng _cBD-RjUL |
||
| 041 | _aeng | ||
| 082 |
_223 _a330 _bMCE 1975 |
||
| 100 | 1 |
_aMcConnell, Campbell R. _9172353 |
|
| 245 | 1 | 0 |
_aEconomics : _bprinciples, problems, and policies / _cCampbell R. McConnell. |
| 250 | _a6th ed. | ||
| 260 |
_aNew York : _bMcGraw-Hill Book co., _cc1975. |
||
| 300 |
_axxv, 917 p. : _bill. ; _c23 cm. |
||
| 500 | _aIncludes index. | ||
| 650 |
_aEconomics. _9170576 |
||
| 942 |
_2ddc _cBK |
||
| 999 |
_c59112 _d59112 |
||